|
|
|
|
| LEADER |
00000nlm1a2200000 4500 |
| 001 |
344091 |
| 005 |
20250604141743.0 |
| 035 |
|
|
|a (RuTPU)RU\TPU\book\375149
|
| 035 |
|
|
|a RU\TPU\book\369865
|
| 090 |
|
|
|a 344091
|
| 100 |
|
|
|a 20191216d2019 m y0rusy50 ca
|
| 101 |
0 |
|
|a rus
|
| 102 |
|
|
|a RU
|
| 181 |
|
0 |
|a i
|
| 182 |
|
0 |
|a b
|
| 200 |
1 |
|
|a Физико-химические методы исследования органических веществ
|e рабочая тетрадь
|e в 2 ч.
|f Е. А. Краснокутская
|g Национальный исследовательский Томский политехнический университет, Инженерная школа новых производственных технологий
|
| 203 |
|
|
|a Текст
|c электронный
|
| 210 |
|
|
|a Томск
|c Изд-во ТПУ
|d 2019
|
| 801 |
|
1 |
|a RU
|b 63413507
|c 20181017
|
| 801 |
|
2 |
|a RU
|b 63413507
|c 20191216
|g RCR
|
| 850 |
|
|
|a 63413507
|
| 942 |
|
|
|c CF
|